LEADER 00907naa a2200217 u 4500 001 000000093148 003 CaOOAMICUS 005 20070226130132.0 008 010621s1928 fr u000 u fre u 035 $a10893439 040 $aPUL(R)$bita 100 1 $aDiena, Giulio,$d1865-1929.$0(OLS)http://pul/name/29000 245 13$aLa conception du droit international privé d'apres la doctrine et la pratique en Italie /$cpar Giulio Diena. 260 $a[S. l. :$bs. n.],$c1928. 300 $aP. [343-447] 504 $aBibliografia in nota. 650 4$aDiritto internazionale privato$zItalia.$0(OLS)http://pul/subject/30038 773 0 $tRecueil des cours$gv.II (1927) 773 0 $tRecueil des cours 1927$w()59471 996 $6245$aLa conception du droit international privé d'apres la doctrine et la pratique en Italie$9(OLS)http://pul/title/120025 996 $6260$a[S. l. :$bs. n.]$9(OLS)http://pul/publisher/47882 LEADER 00981nam a2200265 u 4500 001 000000050247 003 CaOOAMICUS 005 20070226115212.0 008 000727s1990 it u000 u ita u 035 $a10853109 040 $aPUL$bita 100 1 $aJoos, Andrea.$0(OLS)http://pul/name/35331 245 10$aAdorare Dio :$buna scommessa col mondo /$cAndré Joos. 260 $aRoma :$bVivere in,$c1990. 300 $a282 p. ;$c23 cm 490 1 $aMagnitudo gratiae ;$v1 504 $aBibliografia in nota. 650 4$aDio.$0(OLS)http://pul/subject/3878 830 0$aMagnitudo gratiae ;$v1.$0(OLS)http://pul/title/67636 850 $aPUL 852 $aPUL$W1$xSL Religione 1$y3$m41 D 125$j66645$nBK-PRI$b $qStampati$B66645$CPULBib$Z2$F66645 $H $81 941 1 $a8 961 $aINV: 82405 996 $6245$aAdorare Dio :$buna scommessa col mondo$9(OLS)http://pul/title/67635 996 $6260$aRoma :$bVivere in$9(OLS)http://pul/publisher/67024